Responses for Show #6474 - Thursday, November 8, 2012

2012-B Teachers Tournament quarterfinal game 2.

Contestants

[<< previous game]

Terry Parker, a high school history teacher from Cutler Bay, Florida

Francesca Leibowitz, a fifth grade English teacher from Brooklyn, New York

John Hines, a high school social studies teacher from Tacoma, Washington

[next game >>]

Jeopardy! Round responses

WHERE'S THAT?
FILL IN THE QUOTE
JEOPARDY! ENNUI
(Alex: Oh, dear.)
50 YEARS OF JAMES BOND FILMS
BUSINESS IS GOOD
"RE"-CESS
    $200 4
Manhattan

John
    $200 26
liberty

John
    $200 16
(Terry: What is bored, [*]?)

boredom

Terry
    $200 1
Dr. No

John
    $200 15
(John: What is Exxon Valdez?)
...
(Alex: John you gave us the name of the boat instead of the company, [*].)

Exxon Mobil

John
Triple Stumper
    $200 11
(Francesca: What is refractionary?)

a reflecting telescope

Francesca
Triple Stumper
    $400 5
Cook

John
    $400 27
good war

John
    $400 17
lungs

Terry
    $400 2
Goldfinger

John
    $400 22
Apple

John
    $400 12
Reader's Digest

Francesca
    $600 6
San Diego

John
    $600 28
(Terry: What is a kingfisher?)

kingfish

JohnTerry
    $600 18
Excel

Francesca
    $600 3
(Alex: [*] is right, and Skyfall by the way opens tomorrow. Big opening for that movie.

Daniel Craig

Terry
    $600 23
JetBlue

Terry
    $600 13
revised

Terry
    $800 7
(John: What is Alaska?)
...
(Alex: [*], yes. We want the national park.)

Denali

JohnTerry
    $800 29
silent majority

John
    $800 19
calisthenics

Francesca
    $2,000 9
Licence to Kill

John
    $800 24
Wells Fargo

Terry
    $800 14
reentry

Triple Stumper
    $1000 8
(Francesca: What is Slovenia?)
...
(Alex: [*], not Slovenia.)

Slovakia

JohnFrancesca
    $1000 30
mother

John
    $1000 20
the National Weather Service

Triple Stumper
    $1000 10
(Terry: What is In Her Majesty's Secret Service?)
(John: What is In His Majesty's Secret Service?)

On Her Majesty's Secret Service

JohnTerry
Triple Stumper
    $1000 25
Gap

John
    $1000 21
reverberate

Terry

Scores at the first commercial break (after clue 14):

John Francesca Terry
$3,000 -$800 $1,000

Scores at the end of the Jeopardy! Round:

John Francesca Terry
$7,200 $600 $3,400

Double Jeopardy! Round responses

FIZZ ED
DOUBLE-TALK NAMES
CLEOPATRA
TOUGH 2-LETTER WORDS
RUSSIAN NOVELISTS
WEIRDPODGE
    $400 12
carbon dioxide

John
    $400 1
Gigi

Triple Stumper
    $400 3
(John: What is a snake?)
(Alex: Be more specific.)
(John: What is [*]?)

an asp

John
    $400 7
Hebrew

Francesca
    $400 21
the Nobel Prize

Terry
    $400 22
The Far Side

John
    $800 17
fermentation

Francesca
    $800 2
Jay Jay

Triple Stumper
    $800 4
a sphinx

Francesca
    $800 8
a bone

Francesca
    $800 23
Dostoyevsky

John
    $800 27
ten cents

Terry
    $1200 18
float

Terry
    $1200 14
Lolo (Jones)

John
    $2,000 5
Isis

Francesca
    $1200 9
de

Francesca
    $1200 24
Tolstoy

John
    $1200 28
German

Francesca
    $1600 19
diamonds

John
    $1600 15
[Terry rolls his eyes]
[Laughter]

Boo Boo

Terry
    $1600 6
Alexandria

Terry
    $1600 10
yo

Francesca
    $2,000 25
Solzhenitsyn

John
    $1600 29
(Alex: The film was called [*].)

Weird Science

Triple Stumper
    $2000 20
Joseph Priestley

Triple Stumper
    $2000 16
nene

Triple Stumper
    $2000 13
(Francesca: Who is Ptolemy?)
(Alex: Be more specific.)
(Francesca: I can't.)
(Alex: This was [*].)

Caesarion or Ptolemy XV

Francesca
Triple Stumper
    $2000 11
C

Terry
    $2000 26
(Ivan) Turgenev

John
    $2000 30
(John: What is the Atlas Mountains?)
(Francesca: What are the Rockies?)
(Alex: They're in the ocean. It's the [*].)

Mid-Atlantic Ridge

JohnFrancesca
Triple Stumper

Scores at the end of the Double Jeopardy! Round:

John Francesca Terry
$15,200 $5,400 $11,000

Final Jeopardy! Round responses

U.S. CITIES
(Alex: [To Terry] No, you had the right state, but the wrong city.)
FrancescaWhat is Boston?
$5,400
TerryWhat is Boston?
$4,201
JohnWhat is Plymouth
$6,801
Lexington

Final scores:

John Francesca Terry
$8,399 $0 $6,799
Automatic semifinalist 3rd place: $5,000 if eliminated 2nd place: $5,000 if eliminated

Game dynamics:

Coryat scores:

John Francesca Terry
$13,600 $4,600 $11,000
23 R
(including 2 DDs),
4 W
11 R
(including 1 DD),
4 W
14 R,
2 W

Combined Coryat: $29,200

[game clues] [game scores] [suggest correction]

Game tape date: 2012-10-01
The J! Archive is created by fans, for fans. Scraping, republication, monetization, and malicious use prohibited; this site may use cookies and collect identifying information. See terms. The Jeopardy! game show and all elements thereof, including but not limited to copyright and trademark thereto, are the property of Jeopardy Productions, Inc. and are protected under law. This website is not affiliated with, sponsored by, or operated by Jeopardy Productions, Inc. Join the discussion at JBoard.tv.